Getting the school under way ... (Record no. 21968)

MARC details
000 -LEADER
fixed length control field 01061cam a22002771 4500
001 - CONTROL NUMBER
control field e 44000050
003 - CONTROL NUMBER IDENTIFIER
control field DLC
005 - DATE AND TIME OF LATEST TRANSACTION
control field 20260227111232.0
008 - FIXED-LENGTH DATA ELEMENTS--GENERAL INFORMATION
fixed length control field 881107s1944 kyu s000 0 eng c
010 ## - LIBRARY OF CONGRESS CONTROL NUMBER
LC control number e 44000050
035 ## - SYSTEM CONTROL NUMBER
System control number (OCoLC)18717856
040 ## - CATALOGING SOURCE
Original cataloging agency U.S. Off. of Educ. Library
Transcribing agency MsU
Modifying agency MsU
-- DLC
042 ## - AUTHENTICATION CODE
Authentication code premarc
050 00 - LIBRARY OF CONGRESS CALL NUMBER
Classification number L152
Item number .B35 Vol. 12, No. 4
082 ## - DEWEY DECIMAL CLASSIFICATION NUMBER
Classification number 371.3
110 1# - MAIN ENTRY--CORPORATE NAME
Corporate name or jurisdiction name as entry element Kentucky.
Subordinate unit Division of Teacher Education and Certification.
245 10 - TITLE STATEMENT
Title Getting the school under way ...
260 ## - PUBLICATION, DISTRIBUTION, ETC.
Place of publication, distribution, etc. [Frankfort]
Name of publisher, distributor, etc. Dept. of Education,
Date of publication, distribution, etc. 1944.
300 ## - PHYSICAL DESCRIPTION
Extent [95]-125 p.
Dimensions 23 cm.
490 0# - SERIES STATEMENT
Series statement Kentucky. Dept. of Education. Educational bulletin ...
Volume/sequential designation vol. XII, no. 4
500 ## - GENERAL NOTE
General note At head of title: Commonwealth of Kentucky.
500 ## - GENERAL NOTE
General note "This bulletin was prepared in the Division of Teacher Education and Certification, with assistance from the Division of Negro Education."--Foreword.
650 #0 - SUBJECT ADDED ENTRY--TOPICAL TERM
Topical term or geographic name entry element Teaching.
650 #0 - SUBJECT ADDED ENTRY--TOPICAL TERM
Topical term or geographic name entry element Education
Geographic subdivision Kentucky.
710 1# - ADDED ENTRY--CORPORATE NAME
Corporate name or jurisdiction name as entry element Kentucky.
Subordinate unit Department of Education.
-- Division of Negro Education.

No items available.

Powered by Koha